书目信息 |
| 题名: |
飛動之美
|
|
| 作者: | 薛晓源 著 | |
| 分册: | ||
| 出版信息: | 北京 中国人民大学出版社 2010.10 |
|
| 页数: | 213页 | |
| 开本: | 24cm | |
| 丛书名: | ||
| 单 册: | ||
| 中图分类: | J120.92 | |
| 科图分类: | ||
| 主题词: | 古典艺术--gu dian yi shu--艺术美学--研究--中国 | |
| 电子资源: | ||
| ISBN: | 978-7-300-12754-5 | |
| 000 | 01105nam0 2200289 450 | |
| 001 | B20110001681 | |
| 005 | 20110716112625.10 | |
| 010 | @a978-7-300-12754-5@dCNY56.00 | |
| 100 | @a20110110d2010 km y0chiy50 ea | |
| 101 | 0 | @achi |
| 102 | @aCN@b110000 | |
| 105 | @aa a 000yy | |
| 106 | @ar | |
| 200 | 1 | @a飛動之美@Afei dong zhi mei@e中国文化对“动势美”的理解与阐释@f薛晓源著 |
| 210 | @a北京@c中国人民大学出版社@d2010.10 | |
| 215 | @a213页@c图@d24cm | |
| 320 | @a有书目 (第209-213页) | |
| 330 | @a本书选题巧妙得体,听风、看云、观水,处处是相,处处是理。相里有哲人诗笔的浸润,理已经作者的整合提炼。由物相到艺理,仍在飞动中探寻。最后“一线穿空”,畅意发挥克莱夫·贝尔的“有意味的形式”的义涵。好结构,好文笔,好文章。 | |
| 333 | @a相关研究人员 | |
| 517 | 1 | @a飞动之美@Afei dong zhi mei |
| 517 | 1 | @a中国文化对“动势美”的理解与阐释@Azhong guo wen hua dui dong shi mei de li jie yu chan shi |
| 586 | @a | |
| 606 | 0 | @a古典艺术@Agu dian yi shu@x艺术美学@x研究@y中国 |
| 690 | @aJ120.92@v5 | |
| 701 | 0 | @a薛晓源@Axue xiao yuan@4著 |
| 801 | 0 | @aCN@c20110610 |
| 905 | @dJ120.92@eX965@f3 | |
| 飛動之美:中国文化对“动势美”的理解与阐释/薛晓源著.-北京:中国人民大学出版社,2010.10 |
| 213页:图;24cm |
| 使用对象:相关研究人员 |
| ISBN 978-7-300-12754-5:CNY56.00 |
| 本书选题巧妙得体,听风、看云、观水,处处是相,处处是理。相里有哲人诗笔的浸润,理已经作者的整合提炼。由物相到艺理,仍在飞动中探寻。最后“一线穿空”,畅意发挥克莱夫·贝尔的“有意味的形式”的义涵。好结构,好文笔,好文章。 |
| ● |
| 相关链接 |
|
|
|
正题名:飛動之美
索取号:J120.92/X965
 
预约/预借
| 序号 | 登录号 | 条形码 | 馆藏地/架位号 | 状态 | 备注 |
| 1 | 884654 | 208846542 | 自科二线404/309社科库 66排2列2层/ [索取号:J120.92/X965] | 在馆 | |
| 2 | 884655 | 208846551 | 社科库309/309社科库 66排1列6层/ [索取号:J120.92/X965] | 在馆 | |
| 3 | 884656 | 208846560 | 社科库309/309社科库 66排1列6层/ [索取号:J120.92/X965] | 在馆 |